000 00250nam a22001217a 4500
020 _a92-5-104390-6
041 _aENG
245 _aPesticide Residues In Food -1999
260 _aRome
_bFAO
_c1999
300 _a71
650 _aFAO
856 _uFAO (01)
999 _c2391
_d2391